International classification of functioning, disability and health
Saved in:
| Institution som forfatter: | |
|---|---|
| Format: | Ukendt |
| Udgivet: |
Geneva
World health Organization
2001
|
| Fag: | |
| Online adgang: | Visit NHRC Library |
| Tags: |
Tilføj Tag
Ingen Tags, Vær først til at tagge denne postø!
|
| LEADER | 00854 a2200205 4500 | ||
|---|---|---|---|
| 003 | 697 | ||
| 005 | 20220906184538.0 | ||
| 952 | |0 0 |1 0 |2 lcc |4 0 |6 W 00015/WHO/02001 |7 0 |9 335 |a NHRC |b NHRC |c CART |d 2012-05-09 |l 0 |o W 15/WHO/2001 |p 000697 |r 2012-05-09 |w 2012-05-09 |y WHO | ||
| 999 | |c 331 |d 331 | ||
| 020 | |a 9241545445 | ||
| 060 | |a W 15 | ||
| 110 | |a World Health Organization |9 7 | ||
| 245 | |a International classification of functioning, disability and health | ||
| 260 | |a Geneva |b World health Organization |c 2001 | ||
| 300 | |a 228p. |b iii | ||
| 500 | |a Book | ||
| 546 | |a Eng. | ||
| 650 | |a Human Development |a Body Constitution |a Health status |a Disability evaluations |a Socioeconomic factors |a Causality |a Classification |a Manuals |a International classification of functioning, disability and health |9 4278 | ||
| 856 | |u http://nhrc.gov.np/contact/ |y Visit NHRC Library | ||
| 942 | |2 lcc |c WHO | ||